书目信息 |
| 题名: |
曝光伪科学
|
|
| 作者: | 杨付军 , 沈乃煜 编著 | |
| 分册: | ||
| 出版信息: | 北京 学林出版社 2001 |
|
| 页数: | 193页 | |
| 开本: | 20cm | |
| 丛书名: | ||
| 单 册: | ||
| 中图分类: | N08 | |
| 科图分类: | ||
| 主题词: | 自然科学--科学研究--理论--唯心主义 , 自然科学--科学研究--评论--唯心主义 , 自然科学--科学研究--研究--唯心主义 , 伪科学--批判 | |
| 电子资源: | ||
| ISBN: | 7-80668-052-7 | |
| 000 | 00936nam0 2200277 45 | |
| 001 | 0501061365 | |
| 005 | 20050106132131.4 | |
| 010 | @a7-80668-052-7@dCNY9.80 | |
| 100 | @a20050106d2001 km y0chiy0120 ea | |
| 101 | 0 | @achi |
| 102 | @aCN@b110000 | |
| 105 | @aa z 000yy | |
| 200 | 1 | @a曝光伪科学@ABao Guang Wei Ke Xue@f杨付军,沈乃煜编著 |
| 210 | @a北京@c学林出版社@d2001 | |
| 215 | @a193页@c图,照片@d20cm | |
| 330 | @a本书首次系统地揭露五十年来我们身边的伪科学,例如耳朵认字,气功和伪气功热,人造“神光”,“特异功能”与“鬼怪神灵”,阐述只有科学才能强国的理论。 | |
| 606 | 0 | @a自然科学@x科学研究@x理论@x唯心主义 |
| 606 | 0 | @a自然科学@x科学研究@x评论@x唯心主义 |
| 606 | 0 | @a自然科学@x科学研究@x研究@x唯心主义 |
| 606 | 0 | @a伪科学@x批判 |
| 690 | @aN08@v4 | |
| 701 | 0 | @a杨付军@AYang Fu Jun@4编著 |
| 701 | 0 | @a沈乃煜@3Shen Nai Yu@4编著 |
| 801 | @aCN@bAHTY@c20050106 | |
| 905 | @aBZT@dN08@e1 | |
| 906 | @dCNY9.80@n0@r1 | |
| 曝光伪科学/杨付军,沈乃煜编著.-北京:学林出版社,2001 |
| 193页:图,照片;20cm |
| ISBN 7-80668-052-7:CNY9.80 |
| 本书首次系统地揭露五十年来我们身边的伪科学,例如耳朵认字,气功和伪气功热,人造“神光”,“特异功能”与“鬼怪神灵”,阐述只有科学才能强国的理论。 |
| ● |
| 相关链接 |
|
|
|
正题名:曝光伪科学
索取号:N08/1
 
预约/预借
| 序号 | 登录号 | 条形码 | 馆藏地/架位号 | 状态 | 备注 |
| 1 | 388290 | 210193495 | 中心书库北库/ 北库024架B面1列2层7/ [索取号:N08/1] | 在馆 | |
| 2 | 388291 | 210193501 | 中心书库北库/ 北库024架B面1列2层6/ [索取号:N08/1] | 在馆 | |
| 3 | 388292 | 210193477 | 中心书库北库/ 北库024架B面1列2层15/ [索取号:N08/1] | 在馆 | |
| 4 | 388293 | 210193486 | 中心书库北库/ 北库024架B面1列2层12/ [索取号:N08/1] | 在馆 | |
| 5 | 388294 | 210193459 | 中心书库北库/ 北库024架B面1列2层10/ [索取号:N08/1] | 在馆 | |
| 6 | 388295 | 210193468 | 中心书库北库/ 北库024架B面1列2层13/ [索取号:N08/1] | 在馆 | |
| 7 | 388296 | 210193431 | 中心书库北库/ 北库024架B面1列2层14/ [索取号:N08/1] | 在馆 | |
| 8 | 388297 | 210193440 | 中心书库北库/ 北库024架B面1列2层8/ [索取号:N08/1] | 在馆 | |
| 9 | 388298 | 210193413 | 中心书库北库/ 北库024架B面1列2层11/ [索取号:N08/1] | 在馆 | |
| 10 | 388299 | 210193422 | 中心书库北库/ 北库024架B面1列2层9/ [索取号:N08/1] | 在馆 |